00264nam a22000857a 4500082001700000100003000017245007500047260004700122300000900169 aL8065x54 In2 aCentral Statistics Office aSequence of national accounts India 2012cby Central Statistics Office aNew DelhibController of Publicationc2013 a71p.